000 00882nam a2200277Ia 4500
001 Z_1873
003 CHAP
008 220113s1998 xx 000 0 und d
010 _a164967
040 _cCHAP
090 _aTesis S 1309
100 _aSánchez José, Teodulo Gregorio
_9139001
245 _aAnálisis proximal y cuantitativo de hierbas y gramíneas nativas de agostaderos del sur de Sinaloa /
_cpor Teodulo Gregorio Sánchez José y Miguel Angel Romero López
260 _aChapingo, Méx. :
_bEl autor,
_c1998
300 _a79 h.
502 _aTesis (Ing. Agr. Esp. en Zootecnia) -- UACH. Departamento de Zootecnia
650 _aGramíneas
_xSinaloa
_950290
650 _aPlantas herbáceas
_988998
700 _aRomero López, Miguel Angel
_999613
901 _aTESIS S 1309
902 _aM
910 _a1998
942 _c2
942 _c2
999 _c164967
_d164967